A view from the bridge: a play in two acts
Uloženo v:
| Hlavní autor: | |
|---|---|
| Médium: | Kniha |
| Jazyk: | angličtina |
| Vydáno: |
Nueva York
Bantam Books
1967
|
| Témata: | |
| Tagy: |
Přidat tag
Žádné tagy, Buďte první, kdo vytvoří štítek k tomuto záznamu!
|
MARC
| LEADER | 00000nam a2200000 a 4500 | ||
|---|---|---|---|
| 001 | UCP2840 | ||
| 003 | CL-VaPUC | ||
| 008 | 990604e19670000US |||||||||||||||||eng|d | ||
| 082 | 0 | 4 | |a 812 |b MIL |2 21 |
| 100 | |a Miller, Arthur |e autor |9 304152 | ||
| 245 | 1 | 2 | |a A view from the bridge: a play in two acts |
| 300 | |a 113 p | ||
| 942 | |c BK | ||
| 945 | |d 19990604 00:00:00 |a rbrito | ||
| 260 | |a Nueva York |b Bantam Books |c 1967 | ||
| 650 | 7 | |a DRAMAS ESTADOUNIDENSES |2 CL-VaPUC |9 267218 | |
| 583 | |a last modification |c 19990604 00:00:00 |k Rodrigo Vera | ||
| 999 | |c 281309 |d 281307 | ||
| 952 | |0 0 |1 0 |4 0 |6 812_000000000000000_MIL_1967 |7 0 |8 A |9 322016 |a BIBEDU |b BIBEDU |d 2019-11-20 |i 3528421 |o 812 MIL 1967 |p 3528421 |r 2019-11-20 |w 2019-11-20 |y BK |k LIT | ||